A beszállítói értékelési rendszer fejlesztése fenntarthatósági szempontok integrálásával

Bibliographic Details
Main Author: Karcagi Kitti Stella
Other Authors: Csekő Dr. Katalin
Format: Thesis
Kulcsszavak:beszállító(k)
beszállító-értékelés
fejlesztés
fenntarthatóság
vállalat
Online Access:http://dolgozattar.uni-bge.hu/59991

MARC

LEADER 00000nta a2200000 i 4500
001 dolg59991
005 20260409145836.0
008 260409suuuu hu om 000 hun d
040 |a BGE Dolgozattár Repozitórium  |b hun 
041 |a hu 
100 1 |a Karcagi Kitti Stella 
245 1 2 |a A beszállítói értékelési rendszer fejlesztése fenntarthatósági szempontok integrálásával  |c Karcagi Kitti Stella  |h [elektronikus dokumentum] 
520 3 |a A fenntarthatósági szempontok figyelembevételének jelentősége egyre inkább előtérbe kerül a vállalati gyakorlatokban. Az Európai Uniós és helyi szabályozások, törvények betartása érdekében a vállalatoknak komoly lépéseket kell tenniük. Ennek következtében elengedhetetlenné vált, hogy a beszállítók kiválasztásában, minősítésében és értékelésükben is integrálják a fenntarthatósági előírásokat működésük szempontjából. A fenntarthatóság figyelembevétele nem csupán etikai és környezeti szempontból lényeges, hanem közvetlenül befolyásolhatja a vállalat versenyképességét is. 
695 |a beszállító(k) 
695 |a beszállító-értékelés 
695 |a fejlesztés 
695 |a fenntarthatóság 
695 |a vállalat 
700 1 |a Csekő Dr. Katalin  |e ths 
856 4 0 |u http://dolgozattar.uni-bge.hu/59991/1/Karcagi_Kitti_Stella_DVH77E_szakdolgozat_2025.pdf  |z Dokumentum-elérés 
856 4 0 |u http://dolgozattar.uni-bge.hu/59991/2/Titkos%C3%ADt%C3%A1si%20k%C3%A9relem_Karcagi%20Kitti%20Stella.pdf  |z Dokumentum-elérés 
856 4 0 |u http://dolgozattar.uni-bge.hu/59991/3/MA%20ELM%20Karcagi%20Kitti%20b%C3%ADr%C3%A1lati%20lap.pdf  |z Dokumentum-elérés 
856 4 0 |u http://dolgozattar.uni-bge.hu/59991/4/Karcagi_k%C3%BCls%C5%91_b%C3%ADr%C3%A1lat.pdf  |z Dokumentum-elérés